• 首页
  • 本馆介绍
  • 公告通知
  • 最新文献
  • 馆藏检索
  • 电子资源
  • 读者导购
  • 参考咨询
  • 我的图书馆
  • 登录
  • 详细信息显示
  • 放入我的书架
  • 预约/预借图书
  • 作者相关作品
  • 分类相关作品
  • 丛书相关作品
  • 出版社相关作品

书目信息

  • 表格格式
  • 工作单格式
  • 卡片格式
题名:
公理化集合论
    
 
作者: 张宏裕 著
分册:  
出版信息: 天津   天津科学技术出版社  2000
页数: 446页
开本: 20cm
丛书名:
单 册:
中图分类: O144.3
科图分类:
主题词: 数理逻辑 , 数学基础
电子资源:
ISBN: 7-5308-2889-4
000 00538nam0 2200193 450
001 0732828906
005 20070903090708.90
010    @a7-5308-2889-4@d¥22.00
100    @a20070903d km y0chiy0120 ea
101 0  @achi
200 1  @a公理化集合论@Agong li hua ji he lun@f张宏裕著@Fzhang hong yu zhu
210    @a天津@c天津科学技术出版社@d2000
215    @a446页@d20cm
606 0  @a数理逻辑
606 0  @a数学基础
690    @aO144.3@v3
701  0 @a张宏裕@Azhang hong yu@4著
801  0 @aCN@bPFT@c20070903
905    @a213230@dO144.3@eS37@f1
    
    公理化集合论/张宏裕著.-天津:天津科学技术出版社,2000
    446页;20cm
    
    
    ISBN 7-5308-2889-4:¥22.00
    
●
相关链接 在E读中查询图书 在五车中查询图书 在当当中查询图书 在豆瓣中查询图书


正题名:公理化集合论     索取号:O144.3/S37         预约/预借

序号 登录号 条形码 馆藏地/架位号 状态 备注
1 6701240   267012403   密集书库-数信学院/ [索取号:O144.3/S37] 在馆    
2 6701241   267012412   密集书库-数信学院/ [索取号:O144.3/S37] 在馆    
唐山师范学院图书馆 欢迎您!
大连网信软件有限公司© 版权所有